[Event "RUS-chT Men Rapid 2019"]
[Site "Sochi"]
[Date "2019.10.19"]
[Round "6.27"]
[White "Ivlev, Aleksey"]
[Black "Tsoi, Dmitry"]
[Result "1/2-1/2"]
[WhiteElo "2292"]
[BlackElo "2329"]
[Annotator "NA"]
[PlyCount "206"]
[EventDate "2019.10.18"]
[EventType "swiss"]
[EventCountry "RUS"]
[SourceTitle "playchess.com"]
[Source "ChessBase"]
[SourceQuality "1"]
[TimeControl "900+10"]

1. e4 {[%emt 0:00:00]} d6 {[%emt 0:00:00]} 2. d4 {[%emt 0:00:00]} Nf6 {[%emt 0:00:00]} 3. Nc3 {[%emt 0:00:00]} e5 {[%emt 0:00:00]} 4. Nge2 {[%emt 0:00:00]} Be7 {[%emt 0:00:00]} 5. g3 {[%emt 0:00:00]} O-O {[%emt 0:00:08]} 6. Bg2 {[%emt 0:00:01]} c6 {[%emt 0:00:05]} 7. O-O {[%emt 0:00:03]} b5 {[%emt 0:00:02]} 8. a3 {[%emt 0:00:02]} Nbd7 {[%emt 0:00:03]} 9. h3 {[%emt 0:00:04]} Bb7 {[%emt 0:00:05]} 10. Be3 {[%emt 0:00:02]} a5 {[%emt 0:00:10]} 11. g4 {[%emt 0:00:05]} b4 {[%emt 0:00:09]} 12. dxe5 {[%emt 0:01:50]} dxe5 {[%emt 0:00:24]} 13. Na4 {[%emt 0:00:05]} c5 {[%emt 0:00:16]} 14. Ng3 {[%emt 0:00:13]} Bc6 {[%emt 0:01:13]} 15. c3 {[%emt 0:00:56]} b3 {[%emt 0:01:49]} 16. Qxb3 {[%emt 0:00:29]} Rb8 {[%emt 0:00:10]} 17. Qc2 {[%emt 0:00:17]} c4 {[%emt 0:00:01]} 18. Rad1 {[%emt 0:00:35]} h6 {[%emt 0:04:05]} 19. Nc5 {[%emt 0:00:47]} Bxc5 {[%emt 0:00:02]} 20. Bxc5 {[%emt 0:00:01]} Nxc5 {[%emt 0:00:01]} 21. Rxd8 {[%emt 0:00:02]} Rfxd8 {[%emt 0:00:01]} 22. Nf5 {[%emt 0:02:53]} Ba4 {[%emt 0:00:11]} 23. Qc1 {[%emt 0:00:43]} Nd3 {[%emt 0:00:12]} 24. Qe3 {[%emt 0:00:12]} Nh7 {[%emt 0:05:35]} 25. Qa7 {[%emt 0:00:42]} Ng5 {[%emt 0:00:43]} 26. Qxa5 {[%emt 0:00:50]} Be8 {[%emt 0:01:15]} 27. Qc7 {[%emt 0:00:56]} Bb5 {[%emt 0:01:04]} 28. Nd6 {[%emt 0:01:36]} Be8 {[%emt 0:01:11]} 29. Nxe8 {[%emt 0:00:39]} Rbc8 {[%emt 0:00:15]} 30. Qb6 {[%emt 0:02:17]} Rxe8 {[%emt 0:00:02]} 31. Rb1 {[%emt 0:01:00]} Ne6 {[%emt 0:00:11]} 32. b4 {[%emt 0:00:21]} cxb3 {[%emt 0:00:33]} 33. Qxb3 {[%emt 0:00:24]} Nef4 {[%emt 0:00:18]} 34. Bf1 {[%emt 0:00:04]} Nc5 {[%emt 0:00:01]} 35. Qc2 {[%emt 0:00:02]} Nce6 {[%emt 0:00:04]} 36. Qd2 {[%emt 0:00:28]} Red8 {[%emt 0:00:11]} 37. Qe3 {[%emt 0:00:02]} Ra8 {[%emt 0:00:13]} 38. Ra1 {[%emt 0:00:10]} Ra4 {[%emt 0:00:18]} 39. Bb5 {[%emt 0:00:17]} Ra5 {[%emt 0:00:01]} 40. a4 {[%emt 0:00:07]} Ng5 {[%emt 0:00:11]} 41. h4 Nge6 42. Qe1 {[%emt 0:00:54]} Ng6 {[%emt 0:00:29]} 43. f3 {[%emt 0:00:23]} Ngf4 {[%emt 0:00:01]} 44. Rd1 {[%emt 0:00:01]} Rda8 {[%emt 0:00:08]} 45. Qe3 {[%emt 0:01:01]} Rxa4 {[%emt 0:00:05]} 46. Bxa4 {[%emt 0:00:01]} Rxa4 {[%emt 0:00:01]} 47. Rd2 {[%emt 0:00:18]} Rc4 {[%emt 0:00:25]} 48. Rb2 {[%emt 0:00:45]} Kh7 {[%emt 0:00:04]} 49. Kh2 {[%emt 0:00:04]} Ng6 {[%emt 0:00:01]} 50. Kg3 Ra4 51. Rc2 {[%emt 0:00:26]} Rc4 {[%emt 0:00:12]} 52. Qd3 {[%emt 0:00:04]} Rc5 {[%emt 0:00:01]} 53. Qd6 {[%emt 0:00:06]} Ngf4 {[%emt 0:00:13]} 54. c4 {[%emt 0:00:11]} f6 {[%emt 0:00:23]} 55. Kf2 {[%emt 0:00:24]} Rc8 {[%emt 0:00:06]} 56. Kg3 {[%emt 0:00:06]} Nd4 {[%emt 0:00:08]} 57. Qxd4 {[%emt 0:00:14]} Ne2+ {[%emt 0:00:31]} 58. Rxe2 {[%emt 0:00:08]} exd4 {[%emt 0:00:01]} 59. Rc2 {[%emt 0:00:12]} d3 {[%emt 0:00:02]} 60. Rd2 {[%emt 0:00:01]} Rxc4 {[%emt 0:00:03]} 61. Rxd3 {[%emt 0:00:00]} g5 {[%emt 0:00:10]} 62. Rd7+ {[%emt 0:00:03]} Kg8 {[%emt 0:00:01]} 63. hxg5 {[%emt 0:00:21]} hxg5 {[%emt 0:00:01]} 64. Kf2 {[%emt 0:00:05]} Kf8 {[%emt 0:00:13]} 65. Ke3 {[%emt 0:00:06]} Rc3+ {[%emt 0:00:06]} 66. Rd3 {[%emt 0:00:03]} Rc4 {[%emt 0:00:01]} 67. e5 {[%emt 0:00:17]} fxe5 {[%emt 0:00:12]} 68. Rd5 {[%emt 0:00:06]} Kf7 {[%emt 0:00:02]} 69. Rxe5 {[%emt 0:00:01]} Kf6 {[%emt 0:00:01]} 70. Ra5 {[%emt 0:00:06]} Rb4 {[%emt 0:00:04]} 71. Ra6+ {[%emt 0:00:02]} Kf7 {[%emt 0:00:02]} 72. Rd6 {[%emt 0:00:01]} Ra4 {[%emt 0:00:40]} 73. Rd4 {[%emt 0:00:01]} Ra3+ {[%emt 0:00:24]} 74. Ke4 {[%emt 0:00:01]} Kf6 {[%emt 0:00:04]} 75. Rd6+ {[%emt 0:00:57]} Kg7 {[%emt 0:00:01]} 76. Rd3 {[%emt 0:00:00]} Ra5 {[%emt 0:00:08]} 77. Rd5 {[%emt 0:00:23]} Ra4+ {[%emt 0:00:00]} 78. Ke3 {[%emt 0:00:28]} Kg6 {[%emt 0:00:02]} 79. Rb5 {[%emt 0:00:01]} Ra3+ {[%emt 0:00:06]} 80. Kf2 {[%emt 0:00:01]} Ra2+ {[%emt 0:00:01]} 81. Kg3 {[%emt 0:00:01]} Rc2 {[%emt 0:00:02]} 82. Rb6+ {[%emt 0:00:05]} Kg7 {[%emt 0:00:01]} 83. Re6 {[%emt 0:00:03]} Ra2 {[%emt 0:00:03]} 84. Re1 {[%emt 0:00:01]} Kf6 {[%emt 0:00:03]} 85. Rh1 {[%emt 0:00:01]} Rb2 {[%emt 0:00:06]} 86. Rh2 {[%emt 0:00:03]} Rb3 {[%emt 0:00:01]} 87. Re2 {[%emt 0:00:06]} Ra3 {[%emt 0:00:03]} 88. Kf2 {[%emt 0:00:01]} Rb3 {[%emt 0:00:01]} 89. Rd2 {[%emt 0:00:01]} Ra3 {[%emt 0:00:01]} 90. Ke2 {[%emt 0:00:01]} Rb3 {[%emt 0:00:08]} 91. Rd3 {[%emt 0:00:01]} Rb4 {[%emt 0:00:03]} 92. Ke3 {[%emt 0:00:00]} Ra4 {[%emt 0:00:04]} 93. Rd6+ {[%emt 0:00:07]} Kg7 {[%emt 0:00:08]} 94. Rd4 {[%emt 0:00:01]} Ra3+ {[%emt 0:00:02]} 95. Ke4 {[%emt 0:00:01]} Kg6 {[%emt 0:00:11]} 96. Rd6+ {[%emt 0:00:44]} Kg7 {[%emt 0:00:01]} 97. Rd3 {[%emt 0:00:09]} Ra5 {[%emt 0:00:15]} 98. Rd5 {[%emt 0:00:05]} Ra4+ {[%emt 0:00:01]} 99. Kf5 {[%emt 0:00:01]} Rf4+ {[%emt 0:00:01]} 100. Kxg5 {[%emt 0:00:01]} Rxf3 {[%emt 0:00:01]} 101. Rd7+ {[%emt 0:00:03]} Kg8 {[%emt 0:00:03]} 102. Kh6 {[%emt 0:00:09]} Rf6+ {[%emt 0:00:01]} 103. Kh5 {[%emt 0:00:01]} Rb6 {[%emt 0:00:02]} 1/2-1/2

[Event "RUS-chT Men Rapid 2019"]
[Site "Sochi"]
[Date "2019.10.19"]
[Round "6.28"]
[White "Frolov, Aleksey G."]
[Black "Tenikashvili, Georgij"]
[Result "1-0"]
[WhiteElo "2093"]
[BlackElo "2337"]
[Annotator "NA"]
[PlyCount "100"]
[EventDate "2019.10.18"]
[EventType "swiss"]
[EventCountry "RUS"]
[SourceTitle "playchess.com"]
[Source "ChessBase"]
[SourceQuality "1"]
[TimeControl "900+10"]

1. e4 {[%emt 0:00:00]} c6 {[%emt 0:00:00]} 2. d4 {[%emt 0:00:00]} d5 {[%emt 0:00:00]} 3. e5 {[%emt 0:00:00]} Bf5 {[%emt 0:00:00]} 4. Nd2 {[%emt 0:00:00]} e6 {[%emt 0:00:08]} 5. Nb3 {[%emt 0:00:00]} Nd7 {[%emt 0:00:26]} 6. Nf3 {[%emt 0:00:01]} h6 {[%emt 0:00:09]} 7. Be2 {[%emt 0:00:06]} Ne7 {[%emt 0:00:03]} 8. O-O {[%emt 0:00:07]} Ng6 {[%emt 0:02:23]} 9. Ne1 {[%emt 0:00:36]} Ne7 {[%emt 0:02:40]} 10. g4 {[%emt 0:00:20]} Bh7 {[%emt 0:00:03]} 11. f4 {[%emt 0:00:03]} Qc7 {[%emt 0:00:23]} 12. Bd3 {[%emt 0:01:22]} Bxd3 {[%emt 0:00:45]} 13. Nxd3 {[%emt 0:00:02]} O-O-O {[%emt 0:00:28]} 14. f5 {[%emt 0:00:03]} b6 {[%emt 0:02:49]} 15. fxe6 {[%emt 0:00:14]} fxe6 {[%emt 0:00:03]} 16. Nf4 {[%emt 0:00:05]} Re8 {[%emt 0:00:30]} 17. Nxe6 {[%emt 0:00:18]} Qb7 {[%emt 0:00:02]} 18. Qe2 {[%emt 0:00:37]} g5 {[%emt 0:01:23]} 19. Bd2 {[%emt 0:00:54]} Ng6 {[%emt 0:00:15]} 20. Nxf8 {[%emt 0:00:04]} Rhxf8 {[%emt 0:00:06]} 21. c4 {[%emt 0:02:19]} c5 {[%emt 0:03:19]} 22. Rxf8 {[%emt 0:01:43]} Rxf8 {[%emt 0:00:10]} 23. e6 {[%emt 0:00:11]} Nf6 {[%emt 0:00:10]} 24. Rf1 {[%emt 0:00:50]} dxc4 {[%emt 0:00:52]} 25. Nc1 {[%emt 0:04:02]} Ne4 {[%emt 0:00:09]} 26. Rf5 {[%emt 0:01:00]} Re8 {[%emt 0:00:31]} 27. d5 {[%emt 0:00:19]} Nd6 {[%emt 0:00:24]} 28. Rf6 {[%emt 0:00:01]} Nh4 {[%emt 0:00:09]} 29. Qe5 {[%emt 0:00:41]} Qc7 {[%emt 0:00:04]} 30. Be1 {[%emt 0:01:53]} Nb5 {[%emt 0:00:02]} 31. Qe4 {[%emt 0:00:27]} Qg7 {[%emt 0:00:27]} 32. Rf7 {[%emt 0:00:22]} Qd4+ {[%emt 0:00:11]} 33. Qxd4 {[%emt 0:00:03]} cxd4 {[%emt 0:00:01]} 34. Ne2 {[%emt 0:00:57]} d3 {[%emt 0:01:03]} 35. Nc3 {[%emt 0:00:07]} Nd6 {[%emt 0:00:06]} 36. Rd7 {[%emt 0:00:10]} Nf3+ {[%emt 0:00:05]} 37. Kf2 {[%emt 0:00:26]} Nxe1 {[%emt 0:00:23]} 38. Kxe1 {[%emt 0:00:01]} Nb7 {[%emt 0:00:01]} 39. Nb5 {[%emt 0:00:08]} Rg8 {[%emt 0:00:30]} 40. Nxa7+ {[%emt 0:00:07]} Kb8 {[%emt 0:00:01]} 41. Nc6+ {[%emt 0:00:01]} Ka8 {[%emt 0:00:02]} 42. e7 {[%emt 0:00:07]} Re8 {[%emt 0:00:17]} 43. Kd2 {[%emt 0:00:01]} b5 {[%emt 0:00:05]} 44. d6 {[%emt 0:00:13]} Rc8 {[%emt 0:00:04]} 45. Rxb7 {[%emt 0:00:17]} Kxb7 {[%emt 0:00:02]} 46. d7 {[%emt 0:00:03]} Rxc6 {[%emt 0:00:09]} 47. d8=Q {[%emt 0:00:11]} b4 {[%emt 0:00:02]} 48. Qd7+ {[%emt 0:00:03]} Kb6 {[%emt 0:00:02]} 49. e8=Q {[%emt 0:00:08]} c3+ {[%emt 0:00:01]} 50. bxc3 {[%emt 0:00:02]} bxc3+ {[%emt 0:00:01]} 1-0

[Event "RUS-chT Men Rapid 2019"]
[Site "Sochi"]
[Date "2019.10.19"]
[Round "7.1"]
[White "Ponkratov, Pavel"]
[Black "Grachev, Boris"]
[Result "0-1"]
[WhiteElo "2621"]
[BlackElo "2621"]
[Annotator "ChessBase"]
[PlyCount "54"]
[EventDate "2019.10.18"]
[EventType "swiss"]
[EventCountry "RUS"]
[SourceTitle "playchess.com"]
[Source "ChessBase"]
[SourceQuality "1"]
[TimeControl "900+10"]

1. e4 {[%emt 0:00:00]} c5 {[%emt 0:00:00]} 2. Nf3 {[%emt 0:00:02]} e6 {[%emt 0:00:00]} 3. d4 {[%emt 0:00:01]} cxd4 {[%emt 0:00:00]} 4. Nxd4 {[%emt 0:00:01]} Nc6 {[%emt 0:00:00]} 5. Nc3 {[%emt 0:00:02]} a6 {[%emt 0:00:00]} 6. Bf4 {[%emt 0:00:02]} d6 {[%emt 0:00:00]} 7. Nxc6 {[%emt 0:00:06]} bxc6 {[%emt 0:00:00]} 8. Qd2 {[%emt 0:00:01]} Be7 {[%emt 0:00:05]} 9. O-O-O {[%emt 0:00:38]} e5 {[%emt 0:00:04]} 10. Bg3 {[%emt 0:00:06]} Nf6 {[%emt 0:00:03]} 11. Bc4 {[%emt 0:00:16]} O-O {[%emt 0:00:13]} 12. Kb1 {[%emt 0:00:06]} Be6 {[%emt 0:00:09]} 13. Bb3 {[%emt 0:00:03]} Nd7 {[%emt 0:02:12]} 14. f4 {[%emt 0:00:04]} exf4 {[%emt 0:00:31]} 15. Bxf4 {[%emt 0:00:02]} Ne5 {[%emt 0:00:10]} 16. Ne2 {[%emt 0:00:34]} c5 {[%emt 0:02:25]} 17. Bxe6 {[%emt 0:00:57]} fxe6 {[%emt 0:00:02]} 18. Bxe5 {[%emt 0:00:02]} dxe5 {[%emt 0:00:02]} 19. Qe3 {[%emt 0:00:02]} Qe8 {[%emt 0:01:40]} 20. Rhf1 {[%emt 0:01:04]} Rxf1 {[%emt 0:00:24]} 21. Rxf1 {[%emt 0:00:02]} Rd8 {[%emt 0:00:29]} 22. Ng1 {[%emt 0:01:04]} Qb5 {[%emt 0:00:18]} 23. Re1 {[%emt 0:01:16]} c4 {[%emt 0:00:26]} 24. Nf3 {[%emt 0:00:45]} c3 {[%emt 0:02:19]} 25. Qxc3 {[%emt 0:01:10]} Bb4 {[%emt 0:00:03]} 26. Qc7 {[%emt 0:00:01]} Ba5 {[%emt 0:00:05]} 27. c4 {[%emt 0:01:47]} Qa4 {[%emt 0:00:23]} 0-1

[Event "RUS-chT Men Rapid 2019"]
[Site "Sochi"]
[Date "2019.10.19"]
[Round "7.2"]
[White "Potkin, Vladimir"]
[Black "Lysyj, Igor"]
[Result "1/2-1/2"]
[WhiteElo "2583"]
[BlackElo "2596"]
[Annotator "ChessBase"]
[PlyCount "25"]
[EventDate "2019.10.18"]
[EventType "swiss"]
[EventCountry "RUS"]
[SourceTitle "playchess.com"]
[Source "ChessBase"]
[SourceQuality "1"]
[TimeControl "900+10"]

1. e4 {[%emt 0:00:00]} e5 {[%emt 0:00:00]} 2. Nf3 {[%emt 0:00:00]} Nc6 {[%emt 0:00:00]} 3. Bb5 {[%emt 0:00:00]} Nf6 {[%emt 0:00:00]} 4. O-O {[%emt 0:00:05]} Nxe4 {[%emt 0:00:00]} 5. Re1 {[%emt 0:00:06]} Nd6 {[%emt 0:00:00]} 6. Nxe5 {[%emt 0:00:06]} Be7 {[%emt 0:00:00]} 7. Bf1 {[%emt 0:00:07]} Nxe5 {[%emt 0:00:02]} 8. Rxe5 {[%emt 0:00:02]} O-O {[%emt 0:00:03]} 9. d4 {[%emt 0:00:06]} Ne8 {[%emt 0:00:02]} 10. d5 {[%emt 0:00:58]} Bc5 {[%emt 0:00:03]} 11. Re1 {[%emt 0:01:41]} d6 {[%emt 0:00:04]} 12. Nc3 {[%emt 0:00:10]} Bf5 {[%emt 0:00:05]} 13. Bd3 {[%emt 0:00:11]} 1/2-1/2

[Event "RUS-chT Men Rapid 2019"]
[Site "Sochi"]
[Date "2019.10.19"]
[Round "7.3"]
[White "Gutenev, Alexander"]
[Black "Savchenko, Boris"]
[Result "1/2-1/2"]
[WhiteElo "2469"]
[BlackElo "2581"]
[Annotator "ChessBase"]
[PlyCount "145"]
[EventDate "2019.10.18"]
[EventType "swiss"]
[EventCountry "RUS"]
[SourceTitle "playchess.com"]
[Source "ChessBase"]
[SourceQuality "1"]
[TimeControl "900+10"]

1. e4 {[%emt 0:00:00]} c5 {[%emt 0:00:31]} 2. Nf3 {[%emt 0:00:00]} Nc6 {[%emt 0:00:01]} 3. d4 {[%emt 0:00:00]} cxd4 {[%emt 0:00:02]} 4. Nxd4 {[%emt 0:00:00]} g6 {[%emt 0:00:01]} 5. c4 {[%emt 0:00:03]} Nf6 {[%emt 0:00:32]} 6. Nc3 {[%emt 0:00:02]} d6 {[%emt 0:00:02]} 7. Be2 {[%emt 0:00:11]} Bg7 {[%emt 0:00:02]} 8. Be3 {[%emt 0:00:10]} O-O {[%emt 0:00:04]} 9. O-O {[%emt 0:00:03]} Bd7 {[%emt 0:00:02]} 10. Rc1 {[%emt 0:00:19]} Nxd4 {[%emt 0:00:06]} 11. Bxd4 {[%emt 0:00:02]} Bc6 {[%emt 0:00:01]} 12. f3 {[%emt 0:00:16]} a5 {[%emt 0:00:02]} 13. b3 {[%emt 0:00:02]} Nd7 {[%emt 0:00:01]} 14. Be3 {[%emt 0:00:10]} Be5 {[%emt 0:00:04]} 15. Qd2 {[%emt 0:00:17]} Nc5 {[%emt 0:00:03]} 16. Rfd1 {[%emt 0:00:40]} e6 {[%emt 0:00:04]} 17. Bf1 {[%emt 0:00:48]} Qe7 {[%emt 0:00:12]} 18. Nb5 {[%emt 0:00:19]} b6 {[%emt 0:00:52]} 19. Bh6 {[%emt 0:03:54]} Rfd8 {[%emt 0:00:43]} 20. Bg5 {[%emt 0:03:24]} f6 {[%emt 0:00:03]} 21. Be3 {[%emt 0:00:06]} f5 {[%emt 0:01:46]} 22. exf5 {[%emt 0:00:26]} gxf5 {[%emt 0:00:01]} 23. Bg5 {[%emt 0:03:45]} Bf6 {[%emt 0:00:07]} 24. Bxf6 {[%emt 0:01:07]} Qxf6 {[%emt 0:00:02]} 25. Qe3 {[%emt 0:00:48]} f4 {[%emt 0:01:12]} 26. Qc3 {[%emt 0:00:34]} e5 {[%emt 0:03:10]} 27. Nc7 {[%emt 0:00:49]} Rab8 {[%emt 0:00:02]} 28. a3 {[%emt 0:00:21]} Qg7 {[%emt 0:00:11]} 29. Nb5 {[%emt 0:00:22]} Qg6 {[%emt 0:01:13]} 30. b4 {[%emt 0:00:17]} axb4 {[%emt 0:00:02]} 31. axb4 {[%emt 0:00:01]} Ne6 {[%emt 0:00:09]} 32. Qd3 {[%emt 0:00:34]} e4 {[%emt 0:00:40]} 33. fxe4 {[%emt 0:00:21]} Bxe4 {[%emt 0:00:01]} 34. Qd2 {[%emt 0:00:08]} d5 {[%emt 0:01:41]} 35. cxd5 {[%emt 0:00:01]} Rxd5 {[%emt 0:00:01]} 36. Qa2 {[%emt 0:00:08]} Rbd8 {[%emt 0:02:20]} 37. Nc3 {[%emt 0:00:01]} Rxd1 {[%emt 0:00:12]} 38. Rxd1 {[%emt 0:00:00]} Rxd1 {[%emt 0:00:02]} 39. Nxd1 {[%emt 0:00:02]} Kf8 {[%emt 0:01:41]} 40. Nc3 {[%emt 0:00:44]} Bc6 {[%emt 0:02:31]} 41. Qd2 {[%emt 0:00:03]} Kg7 {[%emt 0:00:32]} 42. Nd5 {[%emt 0:00:17]} Bxd5 {[%emt 0:00:38]} 43. Qxd5 {[%emt 0:00:01]} Qf6 {[%emt 0:00:02]} 44. Qb7+ {[%emt 0:00:08]} Kh6 {[%emt 0:00:22]} 45. Qxb6 {[%emt 0:00:01]} Qe5 {[%emt 0:00:01]} 46. Qf2 {[%emt 0:00:25]} Nd4 {[%emt 0:00:10]} 47. b5 {[%emt 0:00:15]} Nxb5 {[%emt 0:00:13]} 48. Bxb5 {[%emt 0:00:06]} Qxb5 {[%emt 0:00:03]} 49. Qxf4+ {[%emt 0:00:02]} Kg6 {[%emt 0:00:02]} 50. Qe4+ {[%emt 0:00:03]} Kg7 {[%emt 0:00:02]} 51. h4 {[%emt 0:00:08]} Qc5+ {[%emt 0:00:23]} 52. Kh2 {[%emt 0:00:07]} Qd6+ {[%emt 0:00:02]} 53. Kh3 {[%emt 0:00:02]} h5 {[%emt 0:00:13]} 54. Qf5 {[%emt 0:00:05]} Qg6 {[%emt 0:00:26]} 55. Qg5 {[%emt 0:00:06]} Kf7 {[%emt 0:00:04]} 56. Qf4+ {[%emt 0:00:06]} Kg7 {[%emt 0:00:05]} 57. Qe5+ {[%emt 0:00:02]} Kf7 {[%emt 0:00:02]} 58. Kh2 {[%emt 0:00:09]} Qg4 {[%emt 0:00:11]} 59. g3 {[%emt 0:00:01]} Qg6 {[%emt 0:00:09]} 60. Qd5+ {[%emt 0:00:09]} Kg7 {[%emt 0:00:02]} 61. Kg2 {[%emt 0:00:06]} Kh6 {[%emt 0:00:13]} 62. Qd2+ {[%emt 0:00:09]} Kh7 {[%emt 0:00:04]} 63. Qd4 {[%emt 0:00:06]} Qf5 {[%emt 0:00:04]} 64. Qf4 {[%emt 0:00:08]} Kg6 {[%emt 0:00:11]} 65. Kf2 {[%emt 0:00:13]} Qc2+ {[%emt 0:00:02]} 66. Kf3 {[%emt 0:00:19]} Qd1+ {[%emt 0:00:03]} 67. Kg2 {[%emt 0:00:17]} Qc2+ {[%emt 0:00:02]} 68. Kh3 {[%emt 0:00:24]} Qf5+ {[%emt 0:00:02]} 69. Kg2 {[%emt 0:00:17]} Qc2+ {[%emt 0:00:01]} 70. Qf2 {[%emt 0:00:01]} Qxf2+ {[%emt 0:00:02]} 71. Kxf2 {[%emt 0:00:01]} Kf5 {[%emt 0:00:02]} 72. Kf3 {[%emt 0:00:06]} Ke5 {[%emt 0:00:01]} 73. g4 {[%emt 0:00:11]} 1/2-1/2

[Event "RUS-chT Men Rapid 2019"]
[Site "Sochi"]
[Date "2019.10.19"]
[Round "7.4"]
[White "Popov, Ivan"]
[Black "Remizov, Yaroslav"]
[Result "1-0"]
[WhiteElo "2611"]
[BlackElo "2394"]
[Annotator "ChessBase"]
[PlyCount "121"]
[EventDate "2019.10.18"]
[EventType "swiss"]
[EventCountry "RUS"]
[SourceTitle "playchess.com"]
[Source "ChessBase"]
[SourceQuality "1"]
[TimeControl "900+10"]

1. e4 {[%emt 0:00:00]} c6 {[%emt 0:00:00]} 2. d4 {[%emt 0:00:00]} d5 {[%emt 0:00:00]} 3. Nc3 {[%emt 0:00:00]} dxe4 {[%emt 0:00:00]} 4. Nxe4 {[%emt 0:00:00]} Nf6 {[%emt 0:00:03]} 5. Nxf6+ {[%emt 0:00:01]} exf6 {[%emt 0:00:04]} 6. c3 {[%emt 0:00:01]} Bd6 {[%emt 0:00:09]} 7. Bd3 {[%emt 0:00:02]} O-O {[%emt 0:00:03]} 8. Qc2 {[%emt 0:00:02]} Re8+ {[%emt 0:00:03]} 9. Ne2 {[%emt 0:00:02]} h5 {[%emt 0:00:01]} 10. O-O {[%emt 0:00:03]} h4 {[%emt 0:02:27]} 11. h3 {[%emt 0:00:02]} Nd7 {[%emt 0:00:34]} 12. Bf4 {[%emt 0:00:54]} Nf8 {[%emt 0:01:46]} 13. Qd2 {[%emt 0:00:03]} Ng6 {[%emt 0:01:05]} 14. Bxd6 {[%emt 0:00:42]} Qxd6 {[%emt 0:00:08]} 15. Rfe1 {[%emt 0:05:28]} Be6 {[%emt 0:02:21]} 16. a3 {[%emt 0:00:26]} Rad8 {[%emt 0:02:04]} 17. b4 {[%emt 0:00:51]} Bd5 {[%emt 0:02:05]} 18. f3 {[%emt 0:02:00]} Re7 {[%emt 0:02:17]} 19. Bxg6 {[%emt 0:02:36]} fxg6 {[%emt 0:00:11]} 20. Nf4 {[%emt 0:00:01]} Rxe1+ {[%emt 0:01:16]} 21. Rxe1 {[%emt 0:00:02]} g5 {[%emt 0:00:04]} 22. Nd3 {[%emt 0:00:16]} b6 {[%emt 0:01:07]} 23. Nf2 {[%emt 0:00:57]} Kf7 {[%emt 0:00:20]} 24. Qe2 {[%emt 0:00:47]} Qe6 {[%emt 0:00:22]} 25. Ne4 {[%emt 0:01:47]} Rd7 {[%emt 0:00:16]} 26. Qd2 {[%emt 0:01:24]} Qf5 {[%emt 0:00:10]} 27. Qe3 {[%emt 0:00:01]} Kg6 {[%emt 0:00:18]} 28. Nd2 {[%emt 0:00:30]} Rd8 {[%emt 0:00:08]} 29. Qe7 {[%emt 0:00:23]} Qd7 {[%emt 0:00:00]} 30. Kf2 {[%emt 0:00:12]} Qxe7 {[%emt 0:00:20]} 31. Rxe7 {[%emt 0:00:01]} Ra8 {[%emt 0:00:01]} 32. c4 {[%emt 0:00:11]} Bf7 {[%emt 0:00:11]} 33. Rc7 {[%emt 0:00:08]} Be8 {[%emt 0:00:22]} 34. c5 {[%emt 0:00:26]} bxc5 {[%emt 0:00:08]} 35. bxc5 {[%emt 0:00:04]} a5 {[%emt 0:00:10]} 36. Nc4 {[%emt 0:00:05]} Bf7 {[%emt 0:00:08]} 37. Nb6 {[%emt 0:00:15]} Rd8 {[%emt 0:00:01]} 38. Ke3 {[%emt 0:00:08]} Re8+ {[%emt 0:00:22]} 39. Kd2 {[%emt 0:00:09]} Re6 {[%emt 0:00:12]} 40. Nc8 {[%emt 0:00:14]} Be8 {[%emt 0:00:09]} 41. Nd6 {[%emt 0:00:06]} g4 {[%emt 0:00:11]} 42. fxg4 {[%emt 0:00:10]} Kg5 {[%emt 0:00:06]} 43. Rxg7+ {[%emt 0:00:21]} Kf4 {[%emt 0:00:03]} 44. Nf5 {[%emt 0:00:08]} Re4 {[%emt 0:00:21]} 45. Kd3 {[%emt 0:00:07]} Re1 {[%emt 0:00:09]} 46. Nxh4 {[%emt 0:00:07]} Re3+ {[%emt 0:00:01]} 47. Kd2 {[%emt 0:00:16]} a4 {[%emt 0:00:20]} 48. Ra7 {[%emt 0:00:18]} Rxa3 {[%emt 0:00:12]} 49. Re7 {[%emt 0:00:02]} Ra2+ {[%emt 0:00:05]} 50. Kc3 {[%emt 0:00:03]} Ra3+ {[%emt 0:00:10]} 51. Kd2 {[%emt 0:00:15]} Ra2+ {[%emt 0:00:11]} 52. Kc1 {[%emt 0:00:07]} a3 {[%emt 0:00:12]} 53. Rxe8 {[%emt 0:00:05]} Ra1+ {[%emt 0:00:02]} 54. Kc2 {[%emt 0:00:02]} Kg3 {[%emt 0:00:16]} 55. Ng6 {[%emt 0:00:15]} Kxg2 {[%emt 0:00:13]} 56. Re3 {[%emt 0:00:14]} Kf2 {[%emt 0:00:07]} 57. Rc3 {[%emt 0:00:15]} Kg1 {[%emt 0:00:13]} 58. Kb3 {[%emt 0:00:06]} a2 {[%emt 0:00:09]} 59. Kb2 {[%emt 0:00:03]} Rd1 {[%emt 0:00:03]} 60. Kxa2 {[%emt 0:00:03]} Rxd4 {[%emt 0:00:01]} 61. Ne7 {[%emt 0:00:06]} 1-0

[Event "RUS-chT Men Rapid 2019"]
[Site "Sochi"]
[Date "2019.10.19"]
[Round "7.5"]
[White "Pridorozhni, Aleksei"]
[Black "Bocharov, Dmitry"]
[Result "1/2-1/2"]
[WhiteElo "2599"]
[BlackElo "2519"]
[Annotator "ChessBase"]
[PlyCount "85"]
[EventDate "2019.10.18"]
[EventType "swiss"]
[EventCountry "RUS"]
[SourceTitle "playchess.com"]
[Source "ChessBase"]
[SourceQuality "1"]
[TimeControl "900+10"]

1. e4 {[%emt 0:00:00]} c5 {[%emt 0:00:00]} 2. Nf3 {[%emt 0:00:10]} e6 {[%emt 0:00:10]} 3. g3 {[%emt 0:00:10]} Nc6 {[%emt 0:00:10]} 4. Bg2 {[%emt 0:00:10]} Nf6 {[%emt 0:00:10]} 5. Qe2 {[%emt 0:00:10]} e5 {[%emt 0:00:10]} 6. O-O {[%emt 0:00:10]} Be7 {[%emt 0:00:10]} 7. c3 {[%emt 0:00:10]} O-O {[%emt 0:00:10]} 8. Na3 {[%emt 0:00:10]} Re8 {[%emt 0:00:10]} 9. Nc4 {[%emt 0:00:10]} Bf8 {[%emt 0:00:10]} 10. d3 {[%emt 0:00:10]} h6 {[%emt 0:00:55]} 11. a4 {[%emt 0:00:29]} d6 {[%emt 0:00:11]} 12. Nh4 {[%emt 0:01:48]} Be6 {[%emt 0:00:39]} 13. Ne3 {[%emt 0:00:07]} d5 {[%emt 0:00:19]} 14. Nef5 {[%emt 0:00:06]} Kh7 {[%emt 0:01:19]} 15. Ne3 {[%emt 0:01:47]} d4 {[%emt 0:01:11]} 16. Nc4 {[%emt 0:00:28]} Nd7 {[%emt 0:01:16]} 17. Bd2 {[%emt 0:00:51]} Nb6 {[%emt 0:02:40]} 18. Nxb6 {[%emt 0:00:19]} axb6 {[%emt 0:00:03]} 19. c4 {[%emt 0:00:02]} g6 {[%emt 0:00:20]} 20. Qe1 {[%emt 0:01:49]} Be7 {[%emt 0:00:11]} 21. Nf3 {[%emt 0:00:02]} Qd7 {[%emt 0:00:15]} 22. Qc1 {[%emt 0:00:07]} g5 {[%emt 0:01:15]} 23. h4 {[%emt 0:01:42]} f6 {[%emt 0:00:38]} 24. Kh2 {[%emt 0:01:15]} Rh8 {[%emt 0:01:43]} 25. Ng1 {[%emt 0:00:03]} Rag8 {[%emt 0:00:33]} 26. Bh3 {[%emt 0:00:17]} gxh4 {[%emt 0:00:36]} 27. Qd1 {[%emt 0:00:12]} Bg4 {[%emt 0:00:45]} 28. Bxg4 {[%emt 0:01:59]} Rxg4 {[%emt 0:00:09]} 29. Qf3 {[%emt 0:00:03]} Rhg8 {[%emt 0:00:11]} 30. Ne2 {[%emt 0:00:02]} f5 {[%emt 0:00:52]} 31. Qxf5+ {[%emt 0:00:19]} Qxf5 {[%emt 0:00:02]} 32. exf5 {[%emt 0:00:01]} e4 {[%emt 0:00:26]} 33. dxe4 {[%emt 0:00:19]} Rxe4 {[%emt 0:00:17]} 34. Nf4 {[%emt 0:00:08]} hxg3+ {[%emt 0:01:25]} 35. fxg3 {[%emt 0:00:02]} Ne5 {[%emt 0:00:01]} 36. b3 {[%emt 0:00:10]} Bd6 {[%emt 0:00:15]} 37. Kh3 {[%emt 0:00:09]} Nd3 {[%emt 0:00:52]} 38. Nh5 {[%emt 0:00:15]} Rf8 {[%emt 0:00:16]} 39. Rf3 {[%emt 0:00:43]} Ne5 {[%emt 0:00:02]} 40. Rf2 {[%emt 0:00:50]} Nd3 {[%emt 0:00:01]} 41. Rf3 {[%emt 0:00:03]} Ne5 {[%emt 0:00:02]} 42. Rf2 {[%emt 0:00:01]} Nd3 {[%emt 0:00:01]} 43. Rf3 {[%emt 0:00:27]} 1/2-1/2